Ekonomika a řízení vnitřního obchodu-výzkum trhu

Salvato in:
Dettagli Bibliografici
Autore principale: Bártová, Hilda
Ente Autore: Vysoká škola ekonomická v Praze. Obchodní fakulta
Natura: Libro
Lingua:ceco
Pubblicazione: Praha Státní nakladatelství technické literatury 1990
Edizione:1. vyd.
Tags: Aggiungi Tag
Nessun Tag, puoi essere il primo ad aggiungerne!!

MARC

LEADER 00000nam a2200000 4500
001 c033667
005 20221215115923.9
041 0 |a cze 
044 |a CZ 
245 1 0 |a Ekonomika a řízení vnitřního obchodu-výzkum trhu  |c Hilda Bártová 
250 |a 1. vyd. 
264 1 |a Praha  |b Státní nakladatelství technické literatury  |c 1990 
300 |a 93 s. 
100 1 |a Bártová, Hilda 
710 2 |a Vysoká škola ekonomická v Praze. Obchodní fakulta